[Event "II. CLANSKA LIGA ZAHOD 2024"]
[Site "Komenda"]
[Date "2024.11.23"]
[Round "6.5"]
[White "Rifelj, Luka"]
[Black "Solmajer, Luka"]
[Result "1-0"]
[WhiteElo "1962"]
[BlackElo "2006"]
[PlyCount "77"]
[EventDate "2024.11.15"]
[WhiteTeam "SD KRKA NOVO MESTO"]
[BlackTeam "SK RIMEX ILIRSKA BISTRICA"]

1. d4 d5 2. Nf3 Nf6 3. c4 c6 4. Nc3 e6 5. Bg5 Nbd7 6. e3 Qa5 7. Nd2 Bb4 8. Qc2
dxc4 9. Bxf6 Nxf6 10. Nxc4 Qc7 11. Bd3 c5 12. O-O cxd4 13. Qa4+ Kd8 14. Nb5 Qe7
15. a3 dxe3 16. axb4 exf2+ 17. Rxf2 Nd5 18. Nbd6 f5 19. Rd2 g6 20. Ne5 Rf8 21.
Qa5+ Qc7 22. Nxc8 Rxc8 23. Qxc7+ Kxc7 24. Rxa7 Nxb4 25. Be2 Rfd8 26. Rxd8 Rxd8
27. Bf3 Nd5 28. Ra4 Kb6 29. Kf2 Kb5 30. Rh4 Nf6 31. b3 Rd2+ 32. Ke3 Rb2 33.
Be2+ Rxe2+ 34. Kxe2 g5 35. Rh6 Nd5 36. Kd2 Kb4 37. Rxe6 Kxb3 38. Rd6 Nf4 39. g3
1-0

[Event "II. CLANSKA LIGA ZAHOD 2024"]
[Site "Komenda"]
[Date "2024.11.23"]
[Round "6.5"]
[White "Bradac, Simon"]
[Black "Pajek, Tjasa"]
[Result "1/2-1/2"]
[WhiteElo "1921"]
[BlackElo "1764"]
[PlyCount "112"]
[EventDate "2024.11.15"]
[WhiteTeam "SK RIMEX ILIRSKA BISTRICA"]
[BlackTeam "SD KRKA NOVO MESTO"]

1. c4 e5 2. Nc3 Nf6 3. Nf3 Nc6 4. e4 d6 5. h3 Be7 6. g3 Be6 7. Bg2 Bxc4 8. d3
Be6 9. O-O O-O 10. Be3 d5 11. d4 exd4 12. Nxd4 Nxd4 13. Bxd4 dxe4 14. Nxe4 Nxe4
15. Bxe4 Bf6 16. Qh5 g6 17. Bxf6 Qxf6 18. Qh6 c6 19. b3 Rad8 20. Rad1 Rd4 21.
Rxd4 Qxd4 22. Re1 Rd8 23. h4 Qd2 24. Re3 Qd1+ 25. Kg2 Qg4 26. Bf3 Bd5 27. Bxd5
cxd5 28. Qg5 Qxg5 29. hxg5 Kf8 30. f4 Rd6 31. Kf3 f6 32. gxf6 Rxf6 33. Rd3 Rd6
34. Ke3 Ke7 35. Kd4 Ke6 36. g4 Rd7 37. Re3+ Kd6 38. Re5 Kc6 39. a4 a5 40. f5
gxf5 41. Rxf5 b6 42. g5 Rd6 43. Re5 h6 44. Rf5 hxg5 45. Rxg5 Rh6 46. Rg4 Re6
47. Rf4 Re4+ 48. Rxe4 dxe4 49. Kxe4 Kc5 50. Kd3 Kb4 51. Kc2 b5 52. axb5 Kxb5
53. Kc3 Kc5 54. Kc2 Kb4 55. Kb2 a4 56. bxa4 Kxa4 1/2-1/2